| 000 | 01328cam a2200301Ia 4500 | ||
|---|---|---|---|
| 001 | somewhereoutther00eger | ||
| 003 | CaSfIA | ||
| 005 | 20210119083251.0 | ||
| 007 | cr|||| | ||
| 008 | 760312s1974 azuab 000 0 eng d | ||
| 040 |
_aIRU _cIRU _dOCLCQ _dWIH _dCaSfIA |
||
| 035 | _a(OCoLC)2046718 | ||
| 043 | _an-us-az | ||
| 050 | 4 |
_aF811 _b.E44 |
|
| 082 | 4 | _a910.453 | |
| 100 | 1 | _aEgerton, Kearney. | |
| 245 | 1 | 0 |
_aSomewhere out there-- : _h[electronic resource] _bArizona's lost mines & vanished treasures / _cby Kearney Egerton. |
| 260 |
_aGlendale, Ariz. : _bPrickly Pear Press, _c1974. |
||
| 300 |
_a64 p. : _bill., maps ; _c28 cm. |
||
| 500 | _aCover title. | ||
| 650 | 0 |
_aTreasure troves _zArizona. |
|
| 650 | 0 |
_aMines and mineral resources _zArizona. |
|
| 856 | 4 | 1 |
_uhttp://www.archive.org/details/somewhereoutther00eger _zFree eBook from the Internet Archive |
| 856 | 4 | 2 |
_uhttp://www.openlibrary.org/books/OL24220108M _zAdditional information and access via Open Library |
| 942 | _cEB | ||
| 506 | _fНеобхідна авторизація на https://archive.org/ (створення облікового запису безкоштовно) | ||
| 506 | _fНеобхідна авторизація на https://openlibrary.org/ (створення облікового запису безкоштовно) | ||
| 999 |
_c550519 _d550519 |
||